10 Größte Städte je Bundesland - Statistiken

Allgemein
  • Dieses Quiz wurde 732 mal gespielt
    510 seit der letzten Aktualisierung
  • Das Durchschnittsergebnis liegt bei 77 aus 134
Antwortstatistiken
Bundesland Stadt Einwohner % Korrekt
BW Stuttgart 632.865
98%
BY München 1.512.491
97%
BE Berlin 3.755.251
96%
HH Hamburg 1.905.519
95%
HB Bremen 569.396
93%
HE Frankfurt am Main 773.068
93%
Frankfurt (Oder) 58.230
93%
NW Köln 1.084.831
93%
Nürnberg 523.026
93%
BB Potsdam 185.750
92%
Düsseldorf 629.047
91%
NI Hannover 545.045
91%
Augsburg 301.033
89%
Dortmund 593.317
89%
Freiburg im Breisgau 236.140
89%
RP Mainz 220.552
89%
Mannheim 315.554
89%
Wiesbaden 283.083
88%
Bremerhaven 115.468
87%
Dresden 563.311
87%
Essen 584.580
87%
Karlsruhe 308.707
87%
SH Kiel 247.717
87%
SN Leipzig 616.093
87%
MV Rostock 209.920
87%
SL Saarbrücken 181.959
86%
Duisburg 502.211
85%
Schwerin 98.596
85%
TH Erfurt 214.969
84%
Magdeburg 239.364
84%
Regensburg 157.443
83%
Wolfsburg 125.961
83%
Ulm 128.928
82%
Jena 111.191
81%
Ingolstadt 141.029
80%
Kassel 204.202
80%
Bochum 365.742
79%
Braunschweig 251.804
79%
Fürth 131.433
79%
ST Halle (Saale) 242.083
78%
Lübeck 218.095
78%
Würzburg 127.810
78%
Brandenburg an der Havel 73.609
77%
Chemnitz 248.563
77%
Darmstadt 162.243
77%
Heidelberg 162.273
77%
Münster 320.946
77%
Bielefeld 338.332
76%
Bonn 336.465
76%
Cottbus 99.515
76%
Kaiserslautern 101.228
76%
Wuppertal 358.876
76%
Flensburg 92.550
75%
Trier 112.195
75%
Koblenz 115.268
74%
Oldenburg 172.830
74%
Osnabrück 167.366
74%
Offenbach am Main 134.170
73%
Gera 93.634
71%
Ludwigshafen am Rhein 174.265
70%
Göttingen 118.946
68%
Zwickau 87.172
67%
Erlangen 116.562
66%
Heilbronn 128.334
66%
Pforzheim 127.849
63%
Weimar 65.620
63%
Greifswald 59.691
62%
Gießen 94.146
60%
Hanau 101.364
60%
Neubrandenburg 63.989
59%
Salzgitter 104.548
59%
Saarlouis 34.717
58%
Bamberg 79.935
57%
Hildesheim 101.858
57%
Reutlingen 117.547
56%
Stralsund 59.363
56%
Homburg 42.297
54%
Dessau-Roßlau 79.655
53%
Fulda 69.968
53%
Worms 84.646
53%
Görlitz 56.574
52%
Neunkirchen 46.882
51%
Marburg 77.845
49%
Plauen 64.763
48%
Wismar 43.878
47%
Neumünster 79.502
46%
Esslingen am Neckar 94.941
44%
Lüneburg 76.837
44%
Eisenach 42.408
43%
Speyer 51.368
42%
Bautzen 38.140
41%
Gotha 46.019
41%
Lutherstadt Wittenberg 45.535
38%
Landshut 75.457
36%
Norderstedt 81.880
34%
Oranienburg 47.752
34%
Pinneberg 44.279
32%
Delmenhorst 78.385
31%
Neustadt an der Weinstraße 53.981
31%
Pirna 39.054
31%
Freiberg 40.485
30%
Suhl 37.009
30%
Völklingen 40.192
30%
Bad Kreuznach 52.529
29%
Bernau bei Berlin 43.685
28%
Nordhausen 41.339
28%
Rüsselsheim am Main 67.277
28%
Stendal 39.105
27%
Halberstadt 40.457
25%
Neustrelitz 20.340
25%
Merzig 30.051
24%
Neuwied 65.986
24%
St. Ingbert 35.216
24%
Eberswalde 41.461
23%
Elmshorn 50.772
23%
Güstrow 29.556
23%
Mühlhausen/Thür 37.048
22%
Bitterfeld-Wolfen 37.894
21%
Freital 39.558
21%
St. Wendel 25.583
21%
Königs Wusterhausen 38.929
20%
Waren (Müritz) 21.267
20%
Falkensee 44.806
19%
Parchim 18.278
18%
Merseburg 34.335
16%
Naumburg (Saale) 32.289
16%
Schwedt/Oder 33.495
16%
Ilmenau 39.127
15%
Weißenfels 39.041
15%
Dillingen 19.989
14%
Ahrensburg 34.509
13%
Wedel 34.538
11%
Geesthacht 32.336
9%
Blieskastel 20.240
5%
Keine übereinstimmenden Quizze gefunden
Verteilung der Resultate
Anzahl Personen mit jedem Resultat
Perzentil nach korrekt beantworteten Fragen
Ihre Resultats-Entwicklung
Sie haben dieses Quiz seit der letzten Aktualisierung nicht gespielt